Movies Quiz

Random Movies or Superhero Quiz

Marvel Cinematic Universe Movies (Slideshow) Quiz Stats

Quiz not verified by Sporcle

Challenge
Share
Tweet
Score 0/9 Timer 02:00
0 Plays Today
% Correct
Iron Man
99.4%
Thor
99.1%
Marvel's The Avengers
98.3%
Captain America: The First Avenger
96.5%
Thor: The Dark World
96%
Iron Man 3
94.2%
The Incredible Hulk
94%
Captain America: The Winter Soldier
91.9%
Iron Man 2
90.9%

You're not logged in!

Compare scores with friends on all Sporcle quizzes.
Sign Up with Email
OR
Log In

You Might Also Like...

Show Comments

Extras

Top Quizzes Today


Score Distribution

Your Account Isn't Verified!

In order to create a playlist on Sporcle, you need to verify the email address you used during registration. Go to your Sporcle Settings to finish the process.